000 00534nam a22001697a 4500
003 OSt
005 20240926021716.0
008 240926b |||||||| |||| 00| 0 eng d
040 _c0
082 _aDPer 050 R22 2000 January-May 2023 v123 no. 719-723
100 _a Mcbride, Pete.
_eauthor.
_961683
245 _aSwimming with orcas /
_cPete Mcbride.
260 _aTaipei ;
_bReader's Digest Asia,
_cMarch 2023.
300 _aVolume 123, pages 68-73 ,
_billustration.
700 _a Mcbride, Pete.
_eauthor.
_961683
942 _2ddc
_cPER
999 _c21896
_d21896